| 000 | 00680nam a2200181Ia 4500 | ||
|---|---|---|---|
| 008 | 090630s9999 xx 000 0 und d | ||
| 082 | _b26910 | ||
| 100 | _aसरवटे सुप्रिया. | ||
| 245 |
_aतुमचे यश तुमच्या हाती. _cसरवटे सुप्रिया. |
||
| 260 |
_bमोरया. _c2002 |
||
| 300 | _a79 | ||
| 600 | _aसरवटे सुप्रिया. | ||
| 630 | _aतुमचे यश तुमच्या हाती. | ||
| 655 | _aइतर. | ||
| 700 | _aसरवटे सुप्रिया. | ||
| 730 | _aतुमचे यश तुमच्या हाती. | ||
| 942 | _cBOOK | ||
| 999 |
_c278766 _d278766 |
||